Scuola fascista di giornalismo (La)-(1930-1933) (Record n. 69946)
[ formato base ]
| 000 -LEADER | |
|---|---|
| fixed length control field | 01399nam a2200301Ia 4500 |
| 001 - CONTROL NUMBER | |
| control field | 22140 |
| 003 - CONTROL NUMBER IDENTIFIER | |
| control field | IT-RoPAU |
| 008 - FIXED-LENGTH DATA ELEMENTS--GENERAL INFORMATION | |
| fixed length control field | 130308s9999 xx 000 0 und d |
| 040 ## - CATALOGING SOURCE | |
| Original cataloging agency | IT-RoPAU |
| 040 ## - CATALOGING SOURCE | |
| Transcribing agency | IT-RoPAU |
| 041 ## - LANGUAGE CODE | |
| Language code of text/sound track or separate title | ITALIANO |
| 999 ## - SYSTEM CONTROL NUMBERS (KOHA) | |
| Koha Dewey Subclass [OBSOLETE] | SI |
| 100 ## - MAIN ENTRY--PERSONAL NAME | |
| Personal name | Gallavotti Eugenio |
| 100 ## - MAIN ENTRY--PERSONAL NAME | |
| Miscellaneous information | Codice Aut. SPICS: 7670 |
| 245 ## - TITLE STATEMENT | |
| Title | Scuola fascista di giornalismo (La)-(1930-1933) |
| 245 ## - TITLE STATEMENT | |
| Remainder of title | Scuola fascista di Giornalismo (La)-(1930-1933) |
| 250 ## - EDITION STATEMENT | |
| Edition statement | 1a ed. |
| 260 ## - PUBLICATION, DISTRIBUTION, ETC. (IMPRINT) | |
| Place of publication, distribution, etc. | MILANO |
| 260 ## - PUBLICATION, DISTRIBUTION, ETC. (IMPRINT) | |
| Name of publisher, distributor, etc. | Sugarco |
| 260 ## - PUBLICATION, DISTRIBUTION, ETC. (IMPRINT) | |
| Date of publication, distribution, etc. | 1982 [1° Ed.:1982 - Ed.Ling.Originale:1982] |
| 300 ## - PHYSICAL DESCRIPTION | |
| Extent | "144 p. (prefazione: no ; testo: 144)" |
| 500 ## - GENERAL NOTE | |
| General note | Scrivere Obbedire e combattere regime di giornalisti contro gli Editori pro e contro la Scuola Amicucci e Il Duce Duce Primo giornalista del Mondo Barzini e L'America piano di Studi dei giornalisti di regime Insegnante Silvio D'Amico Allievi Gorresio e Pannunzio Professor Lepri Starace insegnamento del Giornalismo Negli Anni dell'Asse Roma Berlino Ostaggio ideologico nelle mani di Hitler niente Scuola Ma Tanmte Cattedre Scienza del Giornalismo parla Vittorio Gorresio Il Primo della classe Diploma dell'allievo Ugo Indrio Decreto che Leghittima la Scuola di Giornalismo Regolamento della Scuola |
| 650 ## - SUBJECT ADDED ENTRY--TOPICAL TERM | |
| Topical term or geographic name as entry element | STORIA NAZIONALE DELLA STAMPA DI MASSA |
| 650 ## - SUBJECT ADDED ENTRY--TOPICAL TERM | |
| Relator term | Codice materia Spics: 6659 |
| 942 ## - ADDED ENTRY ELEMENTS (KOHA) | |
| Koha item type | LIBRO |
| 957 ## - | |
| -- | 1 |
| 999 ## - SYSTEM CONTROL NUMBERS (KOHA) | |
| -- | 1 |
| Withdrawn status | Lost status | Damaged status | Not for loan | Home library | Current library | Date acquired | Total Checkouts | Full call number | Date last seen | Price effective from | Koha item type | Public note |
|---|---|---|---|---|---|---|---|---|---|---|---|---|
| Buone Condizioni | Not For Loan | SPICS-MEDIATECA | SPICS-MEDIATECA | 08/03/2013 | 22140 | 08/03/2013 | 08/03/2013 | LIBRO | Progressivo inserimento: 29344 / N. Volumi: 1 Copie: 1 Copia Rara: SI / data import: 1 marzo 2013 - By Epidotti, Trombetti, Vaglietti. |